| 000 | 00926nam a2200265 i 4500 | ||
|---|---|---|---|
| 003 | DO-SdBNP | ||
| 005 | 20230915113904.0 | ||
| 006 | a||||gr|||| 00| 0 | ||
| 007 | ta | ||
| 008 | 230915e1979 dr a|||| i||| 00| 0 spa d | ||
| 040 |
_aDO-SdBNP _bspa _cBNPHU _erda |
||
| 082 | 4 |
_222 _bR426í |
|
| 110 | 1 |
_aRepública Dominicana. _bConsultoría Jurídica del Poder Ejecutivo. _9483 |
|
| 240 | _a(Leyes, etc.) | ||
| 245 | 1 | 0 |
_aÍndice general de la legislación de la República Dominicana : _baño 1978. / |
| 246 | 1 | 3 | _aLegislación de la República Dominicana |
| 250 | _aOficial. | ||
| 264 |
_aSanto Domingo : _bSección de Registro de Leyes Consultoría Jurídica del Poder Ejecutivo, _c1979 |
||
| 300 |
_a265 páginas : _bIlustraciones ; _c23 cm. |
||
| 336 |
_2rdacontent _atexto _btxt |
||
| 337 |
_2rdamedia _asin mediación _bn |
||
| 338 |
_2rdacarrier _avolumen _bnc |
||
| 590 | _aInventariado 2023 / MF | ||
| 942 |
_2ddc _cLBS1 |
||
| 999 |
_c54779 _d54779 |
||